| 000 | 01049cam a2200349 4500 | ||
|---|---|---|---|
| 001 | E86867 | ||
| 008 | 090401t1997 xxu||||| |||| 00| 0 eng d | ||
| 035 | _a(Sirsi) u81263 | ||
| 041 | _aeng | ||
| 050 | _a711.026411 | ||
| 110 |
_aRoyal Institution of Chartered Surveyors _bScotland _93082 |
||
| 245 | 4 | _aThe planning system: a guide to practitioners in Scotland | |
| 260 |
_aEdinburgh _bRICS in Scotland _c1997 |
||
| 300 | _a74p. ; 30cm. | ||
| 350 | _a15 | ||
| 650 | _aCONTROL OF ADVERTISEMENTS | ||
| 650 | _aGENERAL PERMITTED DEVELOPMENT ORDER | ||
| 650 | _aLISTED BUILDINGS | ||
| 650 | _aNATIONAL PLANNING GUIDELINES | ||
| 650 | _aPLANNING APPEALS | ||
| 650 | _aPLANNING CONTROL | ||
| 650 | _aPLANNING ENFORCEMENT | ||
| 650 | _aPLANNING PERMISSIONS | ||
| 650 | _aPLANNING SYSTEM | ||
| 650 | _aSCOTLAND | ||
| 650 | _aSTRUCTURE PLANS | ||
| 650 | _aTREE PRESERVATION ORDERS (TPOs) | ||
| 650 | _aTOWN AND COUNTRY PLANNING (USE CLASSES) ORDERS | ||
| 690 | _aPLANNING LAW AND PRACTICE | ||
| 942 | _n0 | ||
| 948 | _c06/10/1997 | ||
| 999 |
_c96689 _d96689 |
||